Statistics for Every formula one vice world champion

Click here to take the quiz!

General Stats

  • This quiz has been taken 115 times
  • The average score is 58 of 72

Answer Stats

HintAnswer% Correct
2021Hamilton
97%
2016Hamilton
97%
2007Hamilton
97%
2015Rosberg
96%
2014Rosberg
96%
1989Senna
96%
1993Senna
96%
2009Vettel
96%
2018Vettel
96%
2017Vettel
96%
1953Fangio
95%
1950Fangio
95%
1998Schumacher
95%
2006Schumacher
95%
2019Bottas
94%
2020Bottas
94%
2011Button
94%
1963Hill
94%
1994Hill
94%
1995Hill
94%
1964Hill
94%
1965Hill
94%
1976Lauda
94%
2008Massa
94%
1988Prost
94%
1990Prost
94%
1983Prost
94%
1984Prost
94%
2013Alonso
92%
2010Alonso
92%
2012Alonso
92%
2002Barrichello
92%
2004Barrichello
92%
1972Stewart
91%
1968Stewart
91%
1951Ascari
90%
1979Villeneuve
90%
1996Villeneuve
90%
2005Raikkonen
89%
2003Raikkonen
89%
1962Clark
87%
2000Hakkinen
87%
1952Farina
85%
1987Mansell
85%
1986Mansell
85%
1991Mansell
85%
1980Piquet
85%
1975Fittipaldi
84%
1973Fittipaldi
84%
1955Moss
82%
1957Moss
82%
1958Moss
82%
1956Moss
82%
2001Coulthard
80%
1967Brabham
78%
1999Irvine
72%
1977Scheckter
68%
1992Patrese
66%
1997Frentzen
63%
1981Reutemann
56%
1969Ickx
54%
1970Ickx
54%
1960McLaren
52%
1971Peterson
47%
1978Peterson
47%
1974Regazzoni
47%
1985Alboreto
44%
1961Von Trips
42%
1959Brooks
41%
1954Gonzalez
41%
1982Pironi
39%
1966Surtess
4%

Score Distribution

Percentile by Number Answered

Percent of People with Each Score

Your Score History

You have not taken this quiz